| 000 | 00791nam a2200277 a 4500 | ||
|---|---|---|---|
| 008 | |||
| 020 | _a9781455737338 (paperback) | ||
| 040 |
_aNUST _cNUST |
||
| 049 | _aMAIN | ||
| 090 |
_aRA651 _bGOR |
||
| 100 | 1 | _aGordis, Leon | |
| 245 | 1 | 0 |
_aEpidemiology / _cGordis Leon |
| 260 |
_aCanada : _bElsevier, _c2014 |
||
| 300 | _aFifth Edition. | ||
| 300 |
_axv,392 pages : _bcolour illustrations ; _c27cm |
||
| 336 |
_atext _btxt _2rdacontent |
||
| 337 |
_aunmediated _bn _2rdamedia |
||
| 338 |
_avolume _bnc _2rdacarrier |
||
| 500 | _aIncludes index. | ||
| 650 | _aDisease Transmission | ||
| 650 | 1 | _aEpidemiologic Methods | |
| 907 |
_a.b10402032 _b24-05-21 _c10-05-21 |
||
| 003 | |||
| 005 | 20230120204259.0 | ||
| 942 |
_cBOOKS _kRA651 _mGOR |
||
| 999 |
_c120381 _d120381 |
||